プリキュアシリーズ 歴代タイトル - Statistics

General Stats
  • This quiz has been taken 57 times
  • The average score is 17 of 21
Answer Stats
Hint Answer % Correct
1 ふたりはプリキュア
97%
9 スマイルプリキュア!
94%
12 Go!プリンセスプリキュア
91%
6 フレッシュプリキュア!
89%
2 ふたりはプリキュアMax Heart
89%
3 ふたりはプリキュアSplash Star
89%
4 Yes!プリキュア5
89%
7 ハートキャッチプリキュア!
86%
10 ドキドキ!プリキュア
86%
13 魔法つかいプリキュア!
86%
15 HUGっと!プリキュア
86%
8 スイートプリキュア♪
83%
5 Yes!プリキュア5Go!Go!
83%
11 ハピネスチャージプリキュア!
80%
20 ひろがるスカイ!プリキュア
80%
14 キラキラ⭐︎プリキュアアラモード
77%
21 わんだふるぷりきゅあ!
77%
19 デリシャスパーティ♡プリキュア
74%
16 スター⭐︎トゥインクルプリキュア
69%
17 ヒーリングっど❤︎プリキュア
69%
18 トロピカル〜ジュプリキュア!
49%
No matching quizzes found
Score Distribution
Percent of People with Each Score
Percentile by Number Answered
Your Score History
You have not taken this quiz